Statistics for Top 15 Snowiest U.S. States

Click here to take the quiz!

General Stats

  • This quiz has been taken 2,123 times
  • The average score is 11 of 15

Answer Stats

Annual SnowState% Correct
55.32 inchesNew York
96%
77.28 inchesMaine
91%
89.25 inchesVermont
88%
64.46 inchesAlaska
85%
60.66 inchesMichigan
85%
71.44 inchesNew Hampshire
84%
43.43 inchesMinnesota
83%
45.79 inchesWisconsin
77%
67.30 inchesColorado
75%
51.05 inchesMassachusetts
68%
38.85 inchesRhode Island
67%
51.00 inchesWyoming
66%
37.85 inchesConnecticut
65%
40.99 inchesUtah
60%
37.43 inchesSouth Dakota
52%

Score Distribution

Percentile by Number Answered

Percent of People with Each Score

Your Score History

You have not taken this quiz